000 00874nam a22003370a 4500
001 UByD000694
003 AR-LpoUNG
005 20250522161018.0
008 220629s1972||||ve |||||||||||||||||spa d
040 _aAR-LpoUNG
_bspa
_cAR-LpoUNG
_eaacr
041 _aspa
044 _ave
082 0 _a910.98 919v1
100 1 _aHumboldt, Alexander von
245 1 0 _aCuadros de la naturaleza I
260 _aCaracas :
_bMonte Ávila,
_c1972.
300 _a230 p.
_bil.
650 4 _aAMERICA LATINA
650 4 _aANALISIS HISTORICO
650 4 _aCIENCIAS SOCIALES
650 4 _aGEOGRAFIA
650 4 _aPOBLACION
650 4 _aASPECTOS GEOGRAFICOS
650 4 _aVIAJES DE ESTUDIOS
650 4 _aRECURSOS HIDRICOS
650 4 _aRECURSOS DE SUELOS
650 4 _aRECURSOS ANIMALES
653 1 _aHUMBOLDT, ALEXANDER VON
905 _a31001
942 _cLIB
_2ddc
999 _c63379
_d63379